[Event "XV Weekend U16"]
[Site "Porto Sant'Elpidio ITA"]
[Date "2012.11.25"]
[Round "5"]
[White "Eletto, Andrea"]
[Black "Copponi, Alice"]
[WhiteElo "1335"]
[BlackElo "1572"]
[Result "0-1"]
[PlyCount "76"]
[EventDate "2012.11.17"]

1. e4 d6 2. d4 Nf6 3. Nc3 g6 4. Bc4 Bg7 5. Bg5 Nc6 6. d5 Ne5 7. Bd3 O-O 8. f4
Nxd3+ 9. Qxd3 Nd7 10. Nf3 Nc5 11. Qe3 Bxc3+ 12. Qxc3 Nxe4 13. Qd4 Nxg5 14. Nxg5
Bf5 15. O-O-O Qd7 16. Rhg1 c6 17. g4 Bxg4 18. Rd3 Bf5 19. Re3 cxd5 20. Qxd5 e6
21. Qd4 Qc7 22. Rc3 Qd7 23. Nf3 b6 24. Nh4 Rfe8 25. Nxf5 exf5 26. Qd5 Rad8 27.
Rc6 Re4 28. Rd1 Re6 29. Rd3 Kg7 30. Qd4+ Kg8 31. Rdc3 Qe7 32. b3 Re4 33. Qd5
Rxf4 34. Rc7 Rd7 35. Rc8+ Kg7 36. Rb8 Qg5 37. Qa8 Rf1+ 38. Kb2 Qc1# 0-1

[Event "XV Weekend U16"]
[Site "Porto Sant'Elpidio ITA"]
[Date "2012.11.25"]
[Round "5"]
[White "Lupini, Michele"]
[Black "Ciaramella, Lorenzo"]
[WhiteElo "1398"]
[BlackElo "1434"]
[Result "0-1"]
[PlyCount "76"]
[EventDate "2012.11.17"]

1. e4 e5 2. Nf3 Nc6 3. Bc4 Bc5 4. d3 h6 5. O-O Nf6 6. Nc3 O-O 7. a3 a6 8. b4
Bd4 9. Nxd4 Nxd4 10. Nd5 d6 11. c3 Nc6 12. f4 Be6 13. Nxf6+ Qxf6 14. Bxe6 Qxe6
15. f5 Qf6 16. Rf3 Ne7 17. Rh3 d5 18. Qg4 Kh7 19. Qh4 Qxh4 20. Rxh4 dxe4 21.
dxe4 Rad8 22. Bb2 Rd2 23. Rb1 Rfd8 24. h3 Rd1+ 25. Rxd1 Rxd1+ 26. Kh2 Rd2 27.
Ba1 Ra2 28. Rg4 Rxa1 29. Rg3 Rxa3 30. Rd3 Kg8 31. Rd8+ Kh7 32. Rd7 f6 33. Rxe7
Rxc3 34. Rd7 b5 35. Rd8 c5 36. bxc5 Rxc5 37. Ra8 Rc6 38. Ra7 Rb6 0-1

[Event "LVII C.to Torinese Assoluto"]
[Site "Torino ITA"]
[Date "2012.11.07"]
[Round "1"]
[White "Barbiso, Tiziana"]
[Black "Barletta, Mauro"]
[WhiteElo "2008"]
[BlackElo "2233"]
[Result "0-1"]
[PlyCount "48"]
[EventDate "2012.11.07"]

1. e4 e6 2. d4 d5 3. Nd2 c5 4. Ngf3 cxd4 5. exd5 Qxd5 6. Bc4 Qd7 7. Qe2 Nc6 8.
O-O Nf6 9. Rd1 Bc5 10. Nb3 Bb6 11. c3 O-O 12. Nbxd4 Nxd4 13. Nxd4 Nd5 14. Qg4
f5 15. Qg3 Qf7 16. f4 Bd7 17. Be3 Kh8 18. Bf2 Nf6 19. Re1 Ne4 20. Qe3 Bc6 21.
Bxe6 Qg6 22. Bc4 Nd2 23. Bf1 Nxf1 24. Qh3 Nd2 0-1

[Event "LVII C.to Torinese Assoluto"]
[Site "Torino ITA"]
[Date "2012.11.07"]
[Round "1"]
[White "Bertagia, Roldano"]
[Black "Melone, Antonio"]
[WhiteElo "1931"]
[BlackElo "2114"]
[Result "0-1"]
[PlyCount "62"]
[EventDate "2012.11.07"]

1. e4 c5 2. Nf3 d6 3. d4 cxd4 4. Nxd4 Nf6 5. Nc3 Nc6 6. Be2 e6 7. O-O Be7 8.
Be3 O-O 9. Qd2 a6 10. a3 Qc7 11. f3 b5 12. Nxc6 Qxc6 13. b4 Bb7 14. Bd3 Nd7 15.
Ne2 Ne5 16. Nd4 Qc7 17. Qf2 d5 18. exd5 Bxd5 19. Qg3 Bd6 20. Bf4 Rfe8 21. Rfe1
Nxf3+ 22. Nxf3 Bxf4 23. Qh3 h6 24. Re2 Rac8 25. Rae1 Bc4 26. Bxc4 Qb6+ 27. Kh1
Rxc4 28. Ng1 Qc7 29. Rf1 Bg5 30. Nf3 Bf6 31. Ref2 Rxc2 0-1

[Event "LVII C.to Torinese Assoluto"]
[Site "Torino ITA"]
[Date "2012.11.07"]
[Round "1"]
[White "Finocchiaro, Gianluca"]
[Black "Yao, Stefano"]
[WhiteElo "2080"]
[BlackElo "1860"]
[Result "1-0"]
[PlyCount "185"]
[EventDate "2012.11.07"]

1. e4 d5 2. exd5 Qxd5 3. d4 Nc6 4. Nf3 Bg4 5. Be2 O-O-O 6. c4 Qd7 7. d5 Bxf3 8.
Bxf3 Ne5 9. Be2 e6 10. Nc3 exd5 11. cxd5 Bb4 12. O-O Bxc3 13. bxc3 Nf6 14. c4
Kb8 15. Qd4 Nc6 16. Qb2 Ne7 17. Bf3 Ng6 18. Rb1 b6 19. Bg5 Qf5 20. Bxf6 Qxf6
21. Qb5 Ne5 22. Be2 Qd6 23. a4 Nd7 24. a5 Nc5 25. axb6 cxb6 26. Ra1 Rhe8 27.
Bf3 g6 28. Rfe1 Rxe1+ 29. Rxe1 Qd7 30. Qb1 Qa4 31. Qc1 Nd3 32. Qg5 Re8 33. Qg3+
Kc8 34. Bg4+ f5 35. Rxe8+ Qxe8 36. Bxf5+ gxf5 37. Qxd3 Qe1+ 38. Qf1 Qd2 39. Qa1
a5 40. Qh8+ Kb7 41. Qa1 a4 42. g3 Qb4 43. d6 Kc6 44. Qe5 Qxd6 45. Qb5+ Kb7 46.
Qxa4 Qe6 47. Kf1 Qe4 48. Qd7+ Ka6 49. Qb5+ Ka7 50. Qd7+ Ka6 51. Qa4+ Kb7 52.
Qd1 Qh1+ 53. Ke2 Qe4+ 54. Kd2 Qd4+ 55. Ke1 Qxc4 56. Qd7+ Ka6 57. Qxf5 b5 58.
Kd2 Qd4+ 59. Kc1 b4 60. Qc2 Kb5 61. f4 Qg1+ 62. Kb2 Qd4+ 63. Ka2 Qd5+ 64. Ka1
b3 65. Qe2+ Kb4 66. Qe7+ Kc4 67. Qc7+ Kb4 68. Qb6+ Kc4 69. Qa6+ Kb4 70. Qb6+
Kc4 71. Qc7+ Kd3 72. Qxh7+ Kd2 73. Kb2 Qc4 74. Qd7+ Ke2 75. Qe7+ Kd2 76. Qd6+
Ke2 77. Qe5+ Kd3 78. Qf5+ Kd2 79. Qa5+ Kd3 80. Ka3 Kc2 81. Qf5+ Kc1 82. Qe5 Kd1
83. Qb2 Qc5+ 84. Kxb3 Qb5+ 85. Kc3 Qc5+ 86. Kd3 Qf5+ 87. Ke3 Qe6+ 88. Qe5 Qb3+
89. Ke4 Qc2+ 90. Kf3 Qd3+ 91. Qe3 Qd5+ 92. Kf2 Qa2+ 93. Kg1 1-0

[Event "LVII C.to Torinese Assoluto"]
[Site "Torino ITA"]
[Date "2012.11.07"]
[Round "1"]
[White "Gallucci, Alessio"]
[Black "Giacometto, Mario"]
[WhiteElo "2228"]
[BlackElo "2000"]
[Result "1-0"]
[PlyCount "75"]
[EventDate "2012.11.07"]

1. Nf3 d5 2. d4 Nf6 3. c4 e6 4. Nc3 Nbd7 5. Bg5 c6 6. cxd5 exd5 7. e3 Be7 8.
Qc2 O-O 9. Bd3 Re8 10. O-O Nf8 11. Rab1 a5 12. a3 Ne4 13. Bf4 Nd6 14. Nd2 Be6
15. Na4 Nc4 16. Nc5 Nxd2 17. Qxd2 Ra7 18. Bg3 Bg4 19. Rfc1 Bh5 20. b4 axb4 21.
axb4 Bg6 22. b5 b6 23. Na6 cxb5 24. Nc7 Ba3 25. Rc6 Qd7 26. Rxg6 Nxg6 27. Bxb5
Rxc7 28. Bxd7 Rxd7 29. Rxb6 Rc8 30. h3 Be7 31. Rb5 Ra8 32. Qb2 Rdd8 33. Rb7 Ra4
34. Kh2 h6 35. Qb5 Rb4 36. Qc6 Rxb7 37. Qxb7 Bd6 38. Bxd6 1-0

[Event "LVII C.to Torinese Assoluto"]
[Site "Torino ITA"]
[Date "2012.11.07"]
[Round "1"]
[White "Pulito, Alberto"]
[Black "Fassio, Luca"]
[WhiteElo "2277"]
[BlackElo "2066"]
[Result "0-1"]
[PlyCount "52"]
[EventDate "2012.11.07"]

1. f4 d6 2. Nf3 g6 3. e3 Bg7 4. Be2 c5 5. O-O Nf6 6. a4 Nc6 7. Na3 O-O 8. d3 e5
9. fxe5 dxe5 10. e4 Re8 11. c3 b6 12. Kh1 h6 13. Nc4 Qc7 14. Qe1 Be6 15. b3
Rad8 16. h3 a6 17. Be3 Nh5 18. b4 Bxc4 19. dxc4 cxb4 20. Qf2 Rb8 21. cxb4 Nxb4
22. Rab1 a5 23. Nh2 Nf6 24. Ng4 Nxe4 25. Qe1 Nc2 26. Qc1 Ng3+ 0-1

[Event "LVII C.to Torinese Assoluto"]
[Site "Torino ITA"]
[Date "2012.11.07"]
[Round "1"]
[White "Settis, Massimo"]
[Black "Pepino, Enrico"]
[WhiteElo "1969"]
[BlackElo "2157"]
[Result "0-1"]
[PlyCount "66"]
[EventDate "2012.11.07"]

1. c4 c5 2. g3 g6 3. Bg2 Bg7 4. Nc3 Nc6 5. Nf3 Nf6 6. d4 O-O 7. O-O d6 8. d5
Na5 9. Nd2 a6 10. Qc2 Rb8 11. b3 b5 12. Bb2 bxc4 13. bxc4 e5 14. e4 Bh6 15. f4
Nh5 16. Ne2 exf4 17. gxf4 Bg4 18. Bf3 Nxf4 19. Ng3 Bxf3 20. Rxf3 Ne2+ 21. Kf2
Nxg3 22. hxg3 Rxb2 23. Qxb2 Bxd2 24. Qxd2 Nxc4 25. Qe2 Ne5 26. Rf4 c4 27. Kg2
Qc7 28. Rh1 Rb8 29. Rfh4 c3 30. Qxa6 h5 31. Rc1 Rb2+ 32. Kf1 Qc5 33. Qa4 Qf2#
0-1

[Event "LVII C.to Torinese Assoluto"]
[Site "Torino ITA"]
[Date "2012.11.07"]
[Round "1"]
[White "Sorcinelli, Francesco"]
[Black "Macheda, Andrea"]
[WhiteElo "2134"]
[BlackElo "1955"]
[Result "1/2-1/2"]
[PlyCount "120"]
[EventDate "2012.11.07"]

1. Nf3 Nf6 2. c4 g6 3. b4 d5 4. cxd5 Bg7 5. Bb2 O-O 6. g3 Qxd5 7. Bg2 c6 8. O-O
Qh5 9. d4 a5 10. bxa5 Rxa5 11. Nbd2 Be6 12. a4 Nbd7 13. e4 Rfa8 14. Bc3 R5a7
15. a5 Bh3 16. Qb3 Ng4 17. Bxh3 Qxh3 18. Qxf7+ Kxf7 19. Ng5+ Kg8 20. Nxh3 c5
21. Nb3 cxd4 22. Nxd4 Bxd4 23. Bxd4 Rxa5 24. Rxa5 Rxa5 25. Rc1 Ra4 26. Rc8+ Nf8
27. Rd8 Nh6 28. Be3 Nf7 29. Rb8 Rxe4 30. Rxb7 Nd6 31. Rb8 Nf5 32. Bd2 Re2 33.
Bc3 Rc2 34. Be5 h6 35. Nf4 Kf7 36. Nd3 Ra2 37. Bf4 Ne6 38. Ne5+ Kg7 39. Bc1 Ra1
40. Rc8 Rb1 41. Kg2 g5 42. Nd3 Nd6 43. Rc6 Rb7 44. Bb2+ Kf7 45. Be5 Rd7 46. Bb2
Nc4 47. Ne5+ Nxe5 48. Bxe5 Rb7 49. g4 Ra7 50. Kf3 Ra2 51. Kg2 Ra5 52. Bg3 Rc5
53. Rxc5 Nxc5 54. Kf3 Ke6 55. Ke3 Nd7 56. f4 Kf6 57. Be1 gxf4+ 58. Kxf4 e5+ 59.
Ke4 Kg5 60. h3 Nf6+ 1/2-1/2

[Event "LVII C.to Torinese Assoluto"]
[Site "Torino ITA"]
[Date "2012.11.12"]
[Round "2"]
[White "Barletta, Mauro"]
[Black "Melone, Antonio"]
[WhiteElo "2233"]
[BlackElo "2114"]
[Result "1-0"]
[PlyCount "81"]
[EventDate "2012.11.07"]

1. Nf3 Nf6 2. c4 g6 3. Nc3 Bg7 4. g3 O-O 5. Bg2 d6 6. O-O a6 7. Rb1 c5 8. a3
Bf5 9. d3 Nc6 10. Bd2 Rb8 11. b4 cxb4 12. axb4 b5 13. cxb5 axb5 14. Nh4 Bd7 15.
e3 Qb6 16. d4 Rfc8 17. Qb3 Nd8 18. Rfc1 g5 19. Nf3 Bf5 20. Ra1 h6 21. Ne1 Nc6
22. Nd5 Nxd5 23. Bxd5 e6 24. Bg2 Ne7 25. Bc3 Bg6 26. Bb2 Rxc1 27. Rxc1 Rc8 28.
Ra1 d5 29. Bf1 Nc6 30. Nd3 Bxd3 31. Bxd3 Bf8 32. Bc3 Bd6 33. Kg2 Qb7 34. f4
gxf4 35. gxf4 Qe7 36. Bxb5 Nxb4 37. Rg1 Kh8 38. Be1 Nc6 39. Kh3 Qf6 40. Bd3 Ne7
41. Bh4 1-0

[Event "LVII C.to Torinese Assoluto"]
[Site "Torino ITA"]
[Date "2012.11.12"]
[Round "2"]
[White "Fassio, Luca"]
[Black "Gallucci, Alessio"]
[WhiteElo "2066"]
[BlackElo "2228"]
[Result "1-0"]
[PlyCount "103"]
[EventDate "2012.11.07"]

1. e4 c6 2. d4 d5 3. exd5 cxd5 4. c4 Nf6 5. Nc3 Nc6 6. Nf3 Bg4 7. cxd5 Nxd5 8.
Be2 e6 9. O-O Be7 10. h3 Bh5 11. Qb3 Qb6 12. Qxb6 Nxb6 13. Be3 Bf6 14. Ne4 Be7
15. Ng3 Bg6 16. Ne5 O-O-O 17. Rac1 Bd6 18. Nxc6 bxc6 19. Rxc6+ Kb7 20. Rfc1
Bxg3 21. fxg3 Rc8 22. R6c5 Be4 23. Kf2 Bc6 24. b3 Nd7 25. Rxc6 Rxc6 26. Bf3
Rhc8 27. Rxc6 Rxc6 28. Bxc6+ Kxc6 29. d5+ Kb7 30. dxe6 fxe6 31. Kf3 Ne5+ 32.
Ke4 Nf7 33. g4 a6 34. b4 Kc6 35. a4 g6 36. Bg1 Kd7 37. Kd4 Kc6 38. Bh2 Kb6 39.
Kc4 Ng5 40. Bg1+ Kb7 41. Be3 Ne4 42. Kd4 Nd6 43. Bf4 Nf7 44. Kc5 g5 45. Bh2 h6
46. Bg3 Nd8 47. Be5 Nf7 48. Bg3 Nd8 49. Kd6 Nc6 50. b5 axb5 51. axb5 Nd4 52.
Be5 1-0

[Event "LVII C.to Torinese Assoluto"]
[Site "Torino ITA"]
[Date "2012.11.12"]
[Round "2"]
[White "Giacometto, Mario"]
[Black "Bertagia, Roldano"]
[WhiteElo "2000"]
[BlackElo "1931"]
[Result "1-0"]
[PlyCount "45"]
[EventDate "2012.11.07"]

1. e4 e5 2. f4 d5 3. exd5 e4 4. d3 Nf6 5. dxe4 Nxe4 6. Nf3 Bc5 7. Qe2 Qe7 8.
Be3 Ng3 9. Bxc5 Qxe2+ 10. Bxe2 Nxh1 11. Nc3 b6 12. Bd4 O-O 13. O-O-O c5 14.
dxc6 Nxc6 15. Rxh1 Bf5 16. a3 Rfd8 17. Rd1 Rac8 18. Bf2 Rxd1+ 19. Kxd1 Rd8+ 20.
Kc1 Kf8 21. h3 h5 22. Nh4 Be6 23. Bxh5 1-0

[Event "LVII C.to Torinese Assoluto"]
[Site "Torino ITA"]
[Date "2012.11.12"]
[Round "2"]
[White "Macheda, Andrea"]
[Black "Barbiso, Tiziana"]
[WhiteElo "1955"]
[BlackElo "2008"]
[Result "0-1"]
[PlyCount "44"]
[EventDate "2012.11.07"]

1. d4 d5 2. c4 e6 3. Nf3 c6 4. Qc2 Nf6 5. cxd5 exd5 6. Bg5 Be7 7. Nc3 Nbd7 8.
e3 O-O 9. Bd3 Re8 10. O-O Nf8 11. h3 Bd6 12. Bf5 h6 13. Bxf6 Qxf6 14. Bxc8
Raxc8 15. Rab1 a5 16. a3 Ng6 17. b4 axb4 18. axb4 Nh4 19. b5 Nxf3+ 20. gxf3
Qxf3 21. Qe2 Qxh3 22. f3 Rxe3 0-1

[Event "LVII C.to Torinese Assoluto"]
[Site "Torino ITA"]
[Date "2012.11.12"]
[Round "2"]
[White "Pepino, Enrico"]
[Black "Finocchiaro, Gianluca"]
[WhiteElo "2157"]
[BlackElo "2080"]
[Result "0-1"]
[PlyCount "138"]
[EventDate "2012.11.07"]

1. d4 c5 2. d5 Nf6 3. c4 Ne4 4. e3 Qa5+ 5. Bd2 Nxd2 6. Qxd2 Qxd2+ 7. Kxd2 d6 8.
Nc3 g6 9. e4 Bg7 10. Bd3 O-O 11. Nge2 Na6 12. a3 Bd7 13. Rab1 Nc7 14. b4 cxb4
15. axb4 Rfc8 16. g3 e6 17. Rhc1 Bh6+ 18. f4 e5 19. Rc2 Ne8 20. Ra1 Nf6 21.
Rca2 exf4 22. gxf4 Nh5 23. Ke3 f5 24. exf5 Bxf5 25. Bxf5 gxf5 26. c5 dxc5 27.
b5 Nf6 28. Rxa7 Rab8 29. Kf3 Rd8 30. Rd1 Bg7 31. Ra3 Ra8 32. Rxa8 Rxa8 33. Kg2
Kf7 34. h3 Ne4 35. Nxe4 fxe4 36. Rd2 Ra5 37. d6 Ke8 38. Ng3 e3 39. Rd3 Bd4 40.
Ne2 Ra4 41. f5 Kd7 42. Kf3 Kxd6 43. Nc3 Ra1 44. Nd1 Rb1 45. Nxe3 Rxb5 46. f6
Ke6 47. Ng4 Bxf6 48. Re3+ Kf7 49. Rd3 Bd4 50. Ke4 Rb1 51. Kd5 h5 52. Nh6+ Kg6
53. Ng8 Re1 54. Kd6 Re3 55. Rd2 h4 56. Ne7+ Kg5 57. Rg2+ Rg3 58. Rh2 b5 59. Nc6
b4 60. Kd5 Bg1 61. Re2 Be3 62. Ke4 b3 63. Na5 Bc1 64. Nc4 Rc3 65. Rg2+ Kf6 66.
Kd5 Rxh3 67. Kxc5 Rc3 68. Kd4 Rxc4+ 69. Kxc4 b2 0-1

[Event "LVII C.to Torinese Assoluto"]
[Site "Torino ITA"]
[Date "2012.11.12"]
[Round "2"]
[White "Pulito, Alberto"]
[Black "Sorcinelli, Francesco"]
[WhiteElo "2277"]
[BlackElo "2134"]
[Result "0-1"]
[PlyCount "30"]
[EventDate "2012.11.07"]

1. e4 g6 2. Nc3 c5 3. h4 h5 4. Bc4 Nc6 5. a3 Bg7 6. d3 Nf6 7. Bg5 a6 8. f4 Ng4
9. f5 b5 10. Ba2 gxf5 11. Nf3 fxe4 12. Nxe4 d5 13. O-O dxe4 14. Bxf7+ Kxf7 15.
Ne5+ Ke8 0-1

[Event "LVII C.to Torinese Assoluto"]
[Site "Torino ITA"]
[Date "2012.11.12"]
[Round "2"]
[White "Yao, Stefano"]
[Black "Settis, Massimo"]
[WhiteElo "1860"]
[BlackElo "1969"]
[Result "1-0"]
[PlyCount "61"]
[EventDate "2012.11.07"]

1. Nf3 Nf6 2. c4 g6 3. g3 Bg7 4. Bg2 d6 5. O-O O-O 6. Nc3 e5 7. d4 Nbd7 8. e4
exd4 9. Nxd4 a6 10. b3 Re8 11. Bb2 Rb8 12. Re1 c5 13. Nc2 Qe7 14. a4 Ne5 15.
Ne3 Bd7 16. Ned5 Qf8 17. Qd2 b5 18. axb5 axb5 19. Ra7 Bc6 20. cxb5 Bxb5 21. Nc7
Nc6 22. Nxe8 Nxa7 23. Nxb5 Qxe8 24. Nxa7 Qd7 25. e5 Ng4 26. Nc6 Rxb3 27. Ba1
Ra3 28. Qb2 Ra6 29. Qb5 Ra2 30. Qb8+ Bf8 31. exd6 1-0

[Event "LVII C.to Torinese Assoluto"]
[Site "Torino ITA"]
[Date "2012.11.19"]
[Round "3"]
[White "Barbiso, Tiziana"]
[Black "Pepino, Enrico"]
[WhiteElo "2008"]
[BlackElo "2157"]
[Result "0-1"]
[PlyCount "60"]
[EventDate "2012.11.07"]

1. e4 c5 2. Nc3 Nc6 3. f4 g6 4. Nf3 Bg7 5. Bb5 Nd4 6. a4 a6 7. Bd3 e6 8. Nxd4
cxd4 9. Ne2 Ne7 10. O-O O-O 11. b3 d6 12. Ba3 Nc6 13. e5 dxe5 14. Bxf8 Qxf8 15.
Rb1 f5 16. fxe5 Nxe5 17. Bc4 Qd6 18. Kh1 Bd7 19. Ng1 Re8 20. Be2 Nf7 21. Bf3 e5
22. Bxb7 e4 23. Qe2 d3 24. cxd3 Rb8 25. Bxe4 fxe4 26. dxe4 Be6 27. b4 Ne5 28.
Rfe1 Bc4 29. Qe3 Nd3 30. Rf1 Bd4 0-1

[Event "LVII C.to Torinese Assoluto"]
[Site "Torino ITA"]
[Date "2012.11.19"]
[Round "3"]
[White "Bertagia, Roldano"]
[Black "Pulito, Alberto"]
[WhiteElo "1931"]
[BlackElo "2277"]
[Result "0-1"]
[PlyCount "36"]
[EventDate "2012.11.07"]

1. d4 Nf6 2. c4 e6 3. Nc3 Bb4 4. Bg5 h6 5. Bd2 b6 6. Nf3 Bb7 7. e3 O-O 8. Bd3
d5 9. cxd5 exd5 10. O-O Bd6 11. Rc1 a6 12. Qb3 Nbd7 13. Na4 Qe7 14. Nh4 g6 15.
Bxg6 fxg6 16. Nxg6 Qf7 17. Nxf8 Bxh2+ 18. Kxh2 Qh5+ 0-1

[Event "LVII C.to Torinese Assoluto"]
[Site "Torino ITA"]
[Date "2012.11.19"]
[Round "3"]
[White "Gallucci, Alessio"]
[Black "Yao, Stefano"]
[WhiteElo "2228"]
[BlackElo "1860"]
[Result "1-0"]
[PlyCount "91"]
[EventDate "2012.11.07"]

1. c4 Nf6 2. Nc3 e6 3. d4 Bb4 4. Qb3 c5 5. dxc5 Bxc5 6. Bf4 O-O 7. e3 Nc6 8.
Bd3 d5 9. Qb5 Bb4 10. Rd1 a6 11. Qa4 e5 12. Bxe5 Qe7 13. Bxf6 Qxf6 14. cxd5
Bxc3+ 15. bxc3 Qxc3+ 16. Ke2 Nb4 17. Qb3 Qxb3 18. axb3 Nxd5 19. Bxh7+ Kxh7 20.
Rxd5 Be6 21. Rd3 Rfd8 22. Nf3 Rxd3 23. Kxd3 Bxb3 24. Rb1 Ba4 25. Rxb7 f6 26.
Nd4 Rd8 27. Kc3 Bd7 28. Kb4 Kg6 29. Ka5 Bc8 30. Rc7 Rh8 31. h4 Bf5 32. g3 Bd3
33. Ne6 Bf5 34. Rxg7+ Kh6 35. Re7 Rb8 36. Nd4 Bd3 37. Re6 Kg7 38. Rb6 Rc8 39.
Rb3 Bc4 40. Rb1 Bd3 41. Rd1 Bb5 42. Nxb5 axb5 43. Rd2 Rc5 44. Kb4 Rf5 45. f4
Rh5 46. e4 1-0

[Event "LVII C.to Torinese Assoluto"]
[Site "Torino ITA"]
[Date "2012.11.19"]
[Round "3"]
[White "Melone, Antonio"]
[Black "Giacometto, Mario"]
[WhiteElo "2114"]
[BlackElo "2000"]
[Result "1-0"]
[PlyCount "69"]
[EventDate "2012.11.07"]

1. d4 c5 2. d5 e5 3. e4 d6 4. c4 Be7 5. Nc3 Nf6 6. Nf3 O-O 7. Be2 Na6 8. O-O
Nc7 9. Ne1 a6 10. g3 b5 11. f4 b4 12. fxe5 bxc3 13. exf6 Bxf6 14. bxc3 Bxc3 15.
Rb1 Bh3 16. Rf4 Bd4+ 17. Kh1 g5 18. Rf3 Qe7 19. Qc2 Rae8 20. Bd3 f5 21. e5 Qxe5
22. Bd2 h6 23. Ng2 Bg4 24. Rff1 Qf6 25. Ba5 Re7 26. Rbe1 Be5 27. Ne3 Bh3 28.
Nxf5 Bxf1 29. Nxe7+ Qxe7 30. Bxf1 Ne8 31. Bc3 Qf6 32. Bxe5 dxe5 33. Bh3 Nd6 34.
Bg2 Qf2 35. Qg6+ 1-0

[Event "LVII C.to Torinese Assoluto"]
[Site "Torino ITA"]
[Date "2012.11.19"]
[Round "3"]
[White "Settis, Massimo"]
[Black "Macheda, Andrea"]
[WhiteElo "1969"]
[BlackElo "1955"]
[Result "1/2-1/2"]
[PlyCount "224"]
[EventDate "2012.11.07"]

1. c4 Nf6 2. g3 g6 3. Bg2 Bg7 4. Nc3 O-O 5. e4 d6 6. Nge2 c5 7. O-O Nc6 8. d3
a6 9. a4 Rb8 10. h3 Bd7 11. Be3 Na5 12. Rb1 Qc8 13. Kh2 b5 14. cxb5 axb5 15.
axb5 Bxb5 16. Nxb5 Rxb5 17. Qa4 Qb8 18. Nc3 Ng4+ 19. hxg4 Bxc3 20. bxc3 Rxb1
21. Qxa5 Rxf1 22. Bxf1 Qb7 23. Qa2 Ra8 24. Qd5 Qxd5 25. exd5 Ra3 26. c4 Ra1 27.
Bg2 Rd1 28. Be4 f6 29. Kg2 Kf7 30. Kf3 Ra1 31. d4 cxd4 32. Bxd4 Ra4 33. Bd3 Ra3
34. Ke2 Rb3 35. c5 dxc5 36. Bxc5 Rb2+ 37. Ke3 Rb7 38. Bc4 Kf8 39. Kd3 Rb1 40.
Be3 Rh1 41. Ke4 h6 42. Kd4 g5 43. Bb5 h5 44. gxh5 Rxh5 45. Ke4 Rh1 46. Kf5 Rd1
47. Ke6 Rb1 48. Bc6 Rd1 49. Kd7 Kf7 50. Bc5 Re1 51. Ba4 Re2 52. Bb3 Kf8 53. Be3
Rb2 54. Bd1 Rb1 55. Bc2 Rb2 56. Bd3 Rb3 57. Bf5 Rb5 58. Ke6 Ra5 59. Bd3 Ra3 60.
Be2 Ra2 61. Bh5 Ra6+ 62. Kf5 Ra5 63. Bf3 Kf7 64. Bh5+ Kf8 65. Ke6 Ra6+ 66. Kf5
Ra5 67. Ke4 Kg7 68. Bg4 Kf7 69. Be6+ Kf8 70. Kd4 Ra1 71. Kc5 Ra8 72. Kc6 Ke8
73. Bd7+ Kf7 74. Bc5 Ra6+ 75. Kb5 Ra1 76. Be6+ Kf8 77. Kc6 Rc1 78. Bf5 Kf7 79.
Be6+ Kf8 80. Kb6 Rb1+ 81. Ka5 Ra1+ 82. Kb5 Rb1+ 83. Bb4 Rc1 84. d6 exd6 85.
Bxd6+ Kg7 86. Bc4 Rb1+ 87. Kc6 Rc1 88. Kd5 Rd1+ 89. Ke6 Re1+ 90. Kf5 Ra1 91.
Ke4 Re1+ 92. Kf3 Kg6 93. Bd3+ Kg7 94. Bc5 Rc1 95. Be3 Ra1 96. Kg4 Ra4+ 97. Kf5
Ra5+ 98. Ke6 Re5+ 99. Kd6 Ra5 100. Bd4 Ra4 101. Kd5 Ra5+ 102. Ke4 Kf7 103. Bc4+
Kg6 104. Bd5 Ra4 105. f4 gxf4 106. gxf4 Ra5 107. Bc6 Kg7 108. Bb2 Rc5 109. Bd5
Rb5 110. Bc3 Kg6 111. f5+ Kg7 112. Be6 Rc5 1/2-1/2

[Event "LVII C.to Torinese Assoluto"]
[Site "Torino ITA"]
[Date "2012.11.19"]
[Round "3"]
[White "Sorcinelli, Francesco"]
[Black "Fassio, Luca"]
[WhiteElo "2134"]
[BlackElo "2066"]
[Result "1-0"]
[PlyCount "80"]
[EventDate "2012.11.07"]

1. e4 g6 2. d4 Bg7 3. Nc3 d6 4. f4 c6 5. Nf3 Bg4 6. Be3 Nd7 7. Bc4 e6 8. h3
Bxf3 9. Qxf3 d5 10. Bb3 dxe4 11. Nxe4 Qe7 12. O-O-O Ngf6 13. Rhe1 Nxe4 14. Qxe4
Nf6 15. Qf3 O-O 16. g4 a5 17. a3 a4 18. Ba2 Nd5 19. Bf2 Qf6 20. Bg3 b5 21. f5
Rfe8 22. Rf1 gxf5 23. gxf5 Qxf5 24. Qxf5 exf5 25. Bxd5 cxd5 26. Rxf5 Rad8 27.
Rg1 Re6 28. Bh4 Rdd6 29. Be1 Rg6 30. Rgf1 Rd7 31. c3 Rg2 32. Bd2 Rh2 33. Rg1
Rxh3 34. Rgg5 f6 35. Rxd5 Re7 36. Rh5 Rg3 37. Rd8+ Kf7 38. Rxh7 Kg6 39. Rh2 f5
40. Rd5 40... Rb7 $138 1-0

[Event "LVII C.to Torinese Assoluto"]
[Site "Torino ITA"]
[Date "2012.11.26"]
[Round "4"]
[White "Barletta, Mauro"]
[Black "Sorcinelli, Francesco"]
[WhiteElo "2233"]
[BlackElo "2134"]
[Result "0-1"]
[PlyCount "100"]
[EventDate "2012.11.07"]

1. Nf3 g6 2. d4 Nf6 3. g3 Bg7 4. Bg2 O-O 5. O-O d6 6. Re1 Nbd7 7. e4 e5 8. dxe5
dxe5 9. Nc3 c6 10. Qd6 Re8 11. h3 Bf8 12. Qd3 Qc7 13. Nd2 Nc5 14. Qf3 Nh5 15.
Nb3 Ne6 16. Be3 b5 17. a3 a5 18. Ne2 Bb7 19. Nd2 c5 20. Nc3 Nd4 21. Qd1 c4 22.
Nd5 Qd8 23. c3 Ne6 24. a4 bxa4 25. Nxc4 Nc5 26. Ncb6 Bxd5 27. Nxd5 Re6 28. Bf3
Ng7 29. h4 Rb8 30. Bg5 Qc8 31. Nf6+ Kh8 32. Bg4 Rxb2 33. Bxe6 Ngxe6 34. Re2 Rb3
35. Nd5 a3 36. Qc1 Nxg5 37. Qxg5 Qb8 38. Ree1 Nd3 39. Red1 Nb2 40. Rf1 Bg7 41.
Qe7 Qf8 42. Qa7 a4 43. Kg2 h5 44. f4 exf4 45. Rxf4 Nd3 46. Rxf7 Rb2+ 47. Kg1
Qd6 48. Qe3 Ne5 49. Rc7 a2 50. Rf7 Nxf7 0-1

[Event "LVII C.to Torinese Assoluto"]
[Site "Torino ITA"]
[Date "2012.11.26"]
[Round "4"]
[White "Bertagia, Roldano"]
[Black "Settis, Massimo"]
[WhiteElo "1931"]
[BlackElo "1969"]
[Result "1-0"]
[PlyCount "55"]
[EventDate "2012.11.07"]

1. e4 e5 2. Nf3 Nc6 3. d4 exd4 4. Nxd4 Nf6 5. Nxc6 bxc6 6. Bd3 d5 7. e5 Ng4 8.
Bf4 Bc5 9. O-O O-O 10. h3 Nxf2 11. Rxf2 Bxf2+ 12. Kxf2 Qh4+ 13. Bg3 Qd4+ 14.
Kf1 Qxb2 15. Nd2 f6 16. exf6 Qxf6+ 17. Kg1 c5 18. Rb1 c4 19. Be2 Bf5 20. Kh2
Qc3 21. Nf3 Be4 22. Ng5 Rad8 23. Rc1 Bf5 24. Bg4 Bxg4 25. Qxg4 Qb2 26. Ne6 Rfe8
27. Re1 Rc8 28. Be5 1-0

[Event "LVII C.to Torinese Assoluto"]
[Site "Torino ITA"]
[Date "2012.11.26"]
[Round "4"]
[White "Fassio, Luca"]
[Black "Finocchiaro, Gianluca"]
[WhiteElo "2066"]
[BlackElo "2080"]
[Result "1/2-1/2"]
[PlyCount "129"]
[EventDate "2012.11.07"]

1. e4 Nc6 2. Nf3 d5 3. exd5 Qxd5 4. d4 Bg4 5. Be2 O-O-O 6. c3 e5 7. O-O exd4 8.
cxd4 Nxd4 9. Nxd4 Bxe2 10. Qxe2 Qxd4 11. Be3 Qe5 12. Nc3 Bd6 13. f4 Qe6 14. Qf3
a6 15. Rae1 Nf6 16. Bd4 Qf5 17. Be5 Bc5+ 18. Kh1 Rd3 19. Qe2 Rhd8 20. Bxf6 gxf6
21. Ne4 Bb6 22. Qc2 Kb8 23. Nf2 Bxf2 24. Rxf2 Qa5 25. Rc1 c6 26. Qc4 Qd5 27.
Qxd5 R8xd5 28. g3 Rd1+ 29. Rxd1 Rxd1+ 30. Kg2 Kc7 31. Kh3 b5 32. Kg4 Rd5 33. f5
c5 34. Kh5 c4 35. Kh6 b4 36. Kxh7 Kd6 37. Kg7 Ke7 38. h4 c3 39. bxc3 bxc3 40.
Rf3 Rc5 41. Re3+ Kd6 42. Re1 Rxf5 43. Rc1 Rf3 44. g4 Rg3 45. Kxf6 Kd5 46. Kxf7
Kc4 47. g5 Rh3 48. g6 Rxh4 49. g7 Rf4+ 50. Ke7 Rg4 51. Kf7 Kd3 52. g8=Q Rxg8
53. Kxg8 Kd2 54. Rh1 c2 55. Kf7 c1=Q 56. Rxc1 Kxc1 57. Ke6 Kb2 58. Kd5 a5 59.
Kc4 a4 60. a3 Kxa3 61. Kc3 Ka2 62. Kc2 a3 63. Kc1 Ka1 64. Kc2 a2 65. Kc1
1/2-1/2

[Event "LVII C.to Torinese Assoluto"]
[Site "Torino ITA"]
[Date "2012.11.26"]
[Round "4"]
[White "Giacometto, Mario"]
[Black "Pulito, Alberto"]
[WhiteElo "2000"]
[BlackElo "2277"]
[Result "0-1"]
[PlyCount "98"]
[EventDate "2012.11.07"]

1. e4 e5 2. d4 exd4 3. c3 d3 4. Bxd3 d6 5. Nf3 Nf6 6. h3 Be7 7. O-O O-O 8. Bf4
c6 9. e5 dxe5 10. Bxe5 Nbd7 11. Bd4 Nc5 12. Bc2 a5 13. Nbd2 Ne6 14. Be5 b5 15.
a3 Bb7 16. Ne4 c5 17. Bxf6 Bxf6 18. Qxd8 Rfxd8 19. Nxf6+ gxf6 20. Rad1 Nf4 21.
Nh4 b4 22. Rfe1 bxa3 23. bxa3 Rxd1 24. Bxd1 Rd8 25. Bg4 h5 26. Bf5 Kf8 27. g3
Nd5 28. Be4 Re8 29. Ng2 Re7 30. Bf3 Rc7 31. Rb1 Bc6 32. c4 Nc3 33. Rb8+ Kg7 34.
Bxc6 Rxc6 35. Nf4 h4 36. Rb3 Ne4 37. Rb5 Nd6 38. Rxa5 Nxc4 39. Ra4 Ne5 40. Nd5
c4 41. Nc3 hxg3 42. fxg3 Rd6 43. Ne2 Rd2 44. Kf1 Kg6 45. Ra8 Kf5 46. Rc8 Ke4
47. Nc3+ Ke3 48. a4 Rf2+ 49. Ke1 Nd3+ 0-1